[Event "7th Capablanca Memorial GM 2019"]
[Site "Anogia"]
[Date "2019.09.11"]
[Round "1.1"]
[White "Audi Ameya"]
[Black "Moiseenko, Vadim"]
[Result "0-1"]
[WhiteElo "2329"]
[BlackElo "2543"]
[Annotator "TA"]
[PlyCount "52"]
[EventDate "2019.09.11"]
[EventType "tourn"]
[EventCountry "GRE"]
[SourceTitle "playchess.com"]
[Source "ChessBase"]
[SourceQuality "1"]

{[%evp 12,144,18,23,32,21,55,33,31,37,30,30,35,29,18,13,33,0,10,0,37,-19,-14,-17,-5,-10,-10,-33,-10,-37,-30,-37,-37,-37,-47,-50,-44,-53,-43,-140,-149,-176,-172,-174,-147,-144,-155,-144,-150,-209,-214,-244,-167,-172,-166,-161,-141,-144,-137,-202,-191,-295,-292,-276,-228,-244,-239,-298,-277,-301,-256,-264,-256,-331,-331,-318,-316,-531,-525,-1101,-1077,-2079,-1952,-1179,-335,-286,-252,-247,-252,-220,-235,-194,-162,-170,-161,-161,-153,-173,-180,-166,-178,-257,-226,-257,-218,-1251,-1256,-29975,-29976,-29976,-29977,-29981,-29982,-29982,-29976,-29976,-29977,-29978,-29979,-29983,-29968,-29983,-29984,-29984,-29984,-29986,-29987,-29987,-29987,-29993,-29993,-29994,-29995,-29995,-29992]} 1. e4 e5 2. Nf3 Nc6 3. Bc4 Nf6 4. d3 Bc5 5. O-O O-O 6. Re1 h6 7. c3 d6 {C54: Giuoco Piano: 4 c3 Nf6, main lines with 5 d4 and 5 d3} 8. Nbd2 Kh8 (8... a6 9. a4 Ba7 10. h3 Re8 11. b4 Be6 12. Bxe6 Rxe6 13. Qc2 Ne7 14. Nf1 Qd7 15. Ng3 {1-0 (56) Wang,H (2726)-Malakhov,V (2667) China 2019}) 9. h3 (9. b4 $5 {[%cal Rb4c5]} Bb6 10. a4 $14) 9... Nh7 {White is slightly better.} 10. b4 $146 ({Predecessor:} 10. Nf1 f5 11. exf5 Bxf5 12. Ng3 Qf6 13. b4 Bb6 14. a4 a6 15. Ra2 Bxh3 16. gxh3 Qxf3 17. Qxf3 Rxf3 {0-1 (60) Kibenko,D (1156)-Hommel,N (1508) Magdeburg 2014}) 10... Bb6 11. a4 {And now a5 would win.} a6 $1 12. Bb3 f5 13. Nc4 Ba7 14. Be3 fxe4 15. dxe4 Qf6 16. Bxa7 (16. b5 $14 Bxe3 17. Rxe3 (17. Nxe3 Ne7 $15) 17... axb5 18. axb5 Rxa1 19. Qxa1) 16... Rxa7 $11 17. Re3 Ne7 18. Kh2 Ng6 19. g3 Ra8 20. Ra2 Be6 21. Na5 b6 22. Bxe6 Qxe6 23. Qb3 Qd7 24. Nc4 Rf6 25. Qd1 (25. Rd3 $15) 25... Raf8 $36 {[%mdl 2048] Threatens to win with ...Qf7. Black is on the roll.} 26. Kg2 b5 {Played: Qd7-f7} 0-1

[Event "7th Capablanca Memorial GM 2019"]
[Site "Anogia"]
[Date "2019.09.11"]
[Round "1.2"]
[White "Patrelakis, Evaggelos"]
[Black "Mirzoev, Emil"]
[Result "1-0"]
[WhiteElo "2202"]
[BlackElo "2477"]
[Annotator "TA"]
[PlyCount "83"]
[EventDate "2019.09.11"]
[EventType "tourn"]
[EventCountry "GRE"]
[SourceTitle "playchess.com"]
[Source "ChessBase"]
[SourceQuality "1"]

{[%evp 10,83,31,37,45,17,20,0,18,6,21,14,20,8,30,22,15,16,24,31,19,0,0,-24,-13,-13,-12,-28,-3,-13,-22,-5,-9,-24,0,-31,0,0,0,0,0,7,26,20,27,17,15,0,53,-87,-64,-70,-3,-112,-104,-85,-97,-114,0,0,0,0,0,0,0,-25,0,-354,0,0,29994,29994,29994,29995,29995,29996]} 1. e4 g6 2. d4 Bg7 3. Nf3 d6 4. Nc3 a6 5. Be3 b5 {[%cal Bb7b5,Bb5b4][%mdl 32]} 6. Bd3 Nd7 {B06: Modern Defence} 7. Qd2 (7. e5 e6 8. Ne4 d5 9. Ng3 c5 10. c3 Ne7 11. Qe2 Nc6 12. Qd2 c4 13. Bc2 a5 14. Bh6 {0-1 (34) So,W (2815)-Carlsen,M (2832) chess.com INT 2017}) 7... Bb7 8. a4 b4 {The position is equal.} 9. Ne2 c5 10. O-O Qc7 11. c3 c4 12. Bb1 b3 13. d5 $146 ({Predecessor:} 13. Ng5 Ngf6 14. f4 h6 {0-1 (39) Erhardt,M (2093)-Popovic,P (2446) Germany 2017}) 13... Ngf6 14. Bh6 O-O 15. Bxg7 Kxg7 16. Nfd4 Nc5 17. Ng3 e6 18. Qg5 Ng8 19. dxe6 Nxe6 20. Qd2 Nf6 21. a5 Rae8 22. Re1 d5 23. e5 Ng8 24. f4 Nxd4 25. Qxd4 f5 26. e6+ Kh6 27. Re3 {Hoping for Ne4!} Qg7 $1 {[%cal Rg7d4] And now ...Qxd4 would win.} 28. Qb6 {aiming for Nxf5+!} Qe7 (28... d4 $1 $11 29. cxd4 Qe7) 29. Qd4 {[#]} (29. Ne2 $14 {stays ahead.}) 29... Qf6 $1 $17 {...Qxd4 is the strong threat.} 30. Qc5 Ne7 (30... Bc8 $15 31. Ra4 (31. Qxd5 Bxe6 32. Qc5 Rd8 $17) 31... Rxe6 32. Rxe6 Bxe6) 31. Ra4 (31. Re5 $11 {remains equal.}) 31... Rc8 32. Qa7 Bc6 33. Rb4 Bb5 (33... d4 $17 34. cxd4 Ra8) 34. Ne2 $1 $11 Ra8 35. Qb7 Rfb8 36. Qc7 Rc8 37. Qd6 Nc6 38. Nd4 $2 {[%mdl 8192]} ({Don't go for} 38. Rh3+ $2 Kg7 $17) (38. Qd7 $1 $11 Ne7 39. Qb7) 38... Qe7 $2 ({Stronger than} 38... Nxb4 39. Nxb5 axb5 40. Qd7 $11) (38... Nxd4 $19 39. Rxb5 axb5) 39. Qxd5 $40 {[%mdl 128] White wants to mate with Nxf5+! White attacks.} Nxb4 $4 {[%mdl 8192]} (39... Rd8 $11 40. Nxc6 Rxd5 41. Nxe7 (41. Rh3+ $2 Kg7 $19) 41... Rd1+ 42. Kf2 Rxb1) 40. Qe5 {White mates.} Qh4 {[#]} 41. Nxf5+ $1 {[%mdl 512]} gxf5 {[#]} 42. Rh3 $1 {[%mdl 512] Accuracy: White = 40%, Black = 44%.} 1-0

[Event "7th Capablanca Memorial GM 2019"]
[Site "Anogia"]
[Date "2019.09.11"]
[Round "1.3"]
[White "Ioannidis, Evgenios"]
[Black "Osmak, Iulija"]
[Result "1/2-1/2"]
[WhiteElo "2390"]
[BlackElo "2408"]
[Annotator "NA"]
[PlyCount "89"]
[EventDate "2019.09.11"]
[EventType "tourn"]
[EventCountry "GRE"]
[SourceTitle "playchess.com"]
[Source "ChessBase"]
[SourceQuality "1"]
[TimeControl "40/5400+30:1800+30"]

1. c4 {[%emt 0:00:00]} e6 {[%emt 0:00:00]} 2. Nc3 {[%emt 0:00:35]} Nf6 {[%emt 0:00:00]} 3. e4 {[%emt 0:00:59]} d5 {[%emt 0:00:13]} 4. e5 {[%emt 0:00:52]} d4 {[%emt 0:00:22]} 5. exf6 {[%emt 0:00:42]} dxc3 {[%emt 0:00:06]} 6. bxc3 {[%emt 0:00:42]} Qxf6 {[%emt 0:00:07]} 7. d4 {[%emt 0:00:38]} b6 {[%emt 0:00:15]} 8. h4 {[%emt 0:00:50]} Bb7 {[%emt 0:02:36]} 9. Bg5 {[%emt 0:03:02]} Qf5 {[%emt 0:00:52]} 10. Bd3 {[%emt 0:00:08]} Qa5 {[%emt 0:01:04]} 11. Kf1 {[%emt 0:00:33]} Nd7 {[%emt 0:06:45]} 12. Rh3 {[%emt 0:05:33]} Nf6 {[%emt 0:03:11]} 13. Ne2 {[%emt 0:10:28]} Be7 {[%emt 0:05:27]} 14. Rb1 {[%emt 0:07:23]} Be4 {[%emt 0:10:46]} 15. d5 {[%emt 0:35:56]} exd5 {[%emt 0:10:15]} 16. cxd5 {[%emt 0:03:46]} Bxd3 {[%emt 0:10:26]} 17. Rxd3 {[%emt 0:01:17]} O-O {[%emt 0:01:29]} 18. Ng3 {[%emt 0:07:46]} Qxa2 {[%emt 0:02:34]} 19. d6 {[%emt 0:02:47]} cxd6 {[%emt 0:02:04]} 20. Nf5 {[%emt 0:01:53]} Rae8 {[%emt 0:04:56]} 21. Rb4 {[%emt 0:06:24]} Bd8 {[%emt 0:03:57]} 22. Nxd6 {[%emt 0:02:57]} Re6 {[%emt 0:05:51]} 23. Ra4 {[%emt 0:02:08]} Qb2 {[%emt 0:00:07]} 24. Rb4 {[%emt 0:00:28]} Qa2 {[%emt 0:00:28]} 25. Ra4 {[%emt 0:00:26]} Qb2 {[%emt 0:00:05]} 26. Rxa7 {[%emt 0:01:44]} Rxd6 {[%emt 0:14:43]} 27. Rxd6 {[%emt 0:00:03]} Ne4 {[%emt 0:00:03]} 28. Rxf7 {[%emt 0:01:22]} Bxg5 {[%emt 0:01:46]} 29. Rxf8+ {[%emt 0:00:24]} Kxf8 {[%emt 0:00:04]} 30. Qf3+ {[%emt 0:01:33]} Ke7 {[%emt 0:01:07]} 31. Qxe4+ {[%emt 0:00:22]} Kxd6 {[%emt 0:00:05]} 32. Qd4+ {[%emt 0:00:16]} Kc6 {[%emt 0:00:40]} 33. hxg5 {[%emt 0:00:27]} Qc1+ {[%emt 0:00:44]} 34. Ke2 {[%emt 0:00:04]} Qxg5 {[%emt 0:00:05]} 35. Qe4+ {[%emt 0:00:26]} Kc7 {[%emt 0:01:00]} 36. f4 {[%emt 0:00:27]} Qg4+ {[%emt 0:01:47]} 37. Kf2 {[%emt 0:00:56]} h5 {[%emt 0:00:49]} 38. g3 {[%emt 0:00:03]} g6 {[%emt 0:01:07]} 39. Kg2 {[%emt 0:01:27]} b5 {[%emt 0:01:47]} 40. Qe5+ {[%emt 0:00:00]} Kc6 {[%emt 0:00:00]} 41. Qe4+ {[%emt 0:01:09]} Kc5 {[%emt 0:00:54]} 42. Qd4+ {[%emt 0:00:09]} Kc6 {[%emt 0:00:06]} 43. Qe4+ {[%emt 0:00:22]} Kc5 {[%emt 0:00:05]} 44. Qd4+ {[%emt 0:00:03]} Kc6 {[%emt 0:00:03]} 45. Qe4+ {[%emt 0:00:02]} 1/2-1/2

[Event "7th Capablanca Memorial GM 2019"]
[Site "Anogia"]
[Date "2019.09.11"]
[Round "1.4"]
[White "Anagnostopoulos, Konstantinos"]
[Black "David, Alberto"]
[Result "0-1"]
[WhiteElo "2322"]
[BlackElo "2533"]
[Annotator "ChessBase"]
[PlyCount "48"]
[EventDate "2019.09.11"]
[EventType "tourn"]
[EventCountry "GRE"]
[SourceTitle "playchess.com"]
[Source "ChessBase"]
[SourceQuality "1"]
[TimeControl "40/5400+30:1800+30"]

1. c4 {[%emt 0:00:00]} Nf6 {[%emt 0:01:04]} 2. Nc3 {[%emt 0:00:06]} g6 {[%emt 0:01:13]} 3. e4 {[%emt 0:01:06]} d6 {[%emt 0:00:56]} 4. d4 {[%emt 0:00:21]} Bg7 {[%emt 0:00:10]} 5. Bg5 {[%emt 0:07:35]} h6 {[%emt 0:03:16]} 6. Bh4 {[%emt 0:02:02]} Nc6 {[%emt 0:08:45]} 7. d5 {[%emt 0:11:33]} Ne5 {[%emt 0:14:39]} 8. f4 {[%emt 0:04:49]} Ned7 {[%emt 0:00:05]} 9. Be2 {[%emt 0:01:29]} c6 {[%emt 0:01:45]} 10. Bf3 {[%emt 0:08:28]} g5 {[%emt 0:08:33]} 11. fxg5 {[%emt 0:09:15]} hxg5 {[%emt 0:00:18]} 12. Bxg5 {[%emt 0:00:06]} Ne5 {[%emt 0:06:18]} 13. Be2 {[%emt 0:39:15]} Qb6 {[%emt 0:07:38]} 14. Qb3 {[%emt 0:01:32]} Qc5 {[%emt 0:09:07]} 15. O-O-O {[%emt 0:00:24]} b5 {[%emt 0:06:55]} 16. Nf3 {[%emt 0:04:21]} bxc4 {[%emt 0:01:34]} 17. Qa4 {[%emt 0:00:22]} Nfg4 {[%emt 0:01:45]} 18. Nxe5 {[%emt 0:01:18]} Nxe5 {[%emt 0:00:24]} 19. dxc6 {[%emt 0:00:31]} Nd3+ {[%emt 0:00:43]} 20. Bxd3 {[%emt 0:01:13]} Qxg5+ {[%emt 0:00:05]} 21. Kb1 {[%emt 0:00:08]} cxd3 {[%emt 0:00:07]} 22. Nd5 {[%emt 0:00:30]} Qxg2 {[%emt 0:00:59]} 23. Qb4 {[%emt 0:00:51]} Qc2+ {[%emt 0:00:47]} 24. Ka1 {[%emt 0:00:04]} Rxh2 {[%emt 0:00:08]} 0-1

[Event "7th Capablanca Memorial GM 2019"]
[Site "Anogia"]
[Date "2019.09.11"]
[Round "1.5"]
[White "Manish Anto Cristiano F"]
[Black "Dushyant Sharma"]
[Result "1-0"]
[WhiteElo "2364"]
[BlackElo "2242"]
[Annotator "NA"]
[PlyCount "81"]
[EventDate "2019.09.11"]
[EventType "tourn"]
[EventCountry "GRE"]
[SourceTitle "playchess.com"]
[Source "ChessBase"]
[SourceQuality "1"]
[TimeControl "40/5400+30:1800+30"]

1. e4 {[%emt 0:00:00]} e5 {[%emt 0:00:00]} 2. Nf3 {[%emt 0:00:05]} Nc6 {[%emt 0:00:04]} 3. Bb5 {[%emt 0:00:29]} a6 {[%emt 0:00:20]} 4. Ba4 {[%emt 0:00:30]} Nf6 {[%emt 0:00:18]} 5. O-O {[%emt 0:00:34]} b5 {[%emt 0:00:38]} 6. Bb3 {[%emt 0:00:25]} Be7 {[%emt 0:00:41]} 7. Re1 {[%emt 0:00:33]} d6 {[%emt 0:01:55]} 8. c3 {[%emt 0:00:28]} O-O {[%emt 0:00:18]} 9. h3 {[%emt 0:00:31]} Na5 {[%emt 0:00:18]} 10. Bc2 {[%emt 0:00:31]} c5 {[%emt 0:00:16]} 11. d4 {[%emt 0:00:30]} Nd7 {[%emt 0:00:15]} 12. Nbd2 {[%emt 0:03:11]} exd4 {[%emt 0:00:18]} 13. cxd4 {[%emt 0:00:27]} Nc6 {[%emt 0:00:16]} 14. Nf1 {[%emt 0:03:34]} cxd4 {[%emt 0:03:20]} 15. Nxd4 {[%emt 0:00:47]} Nxd4 {[%emt 0:01:06]} 16. Qxd4 {[%emt 0:00:19]} Nc5 {[%emt 0:07:09]} 17. Ne3 {[%emt 0:07:57]} Bf6 {[%emt 0:01:51]} 18. Qd1 {[%emt 0:01:02]} Be6 {[%emt 0:03:04]} 19. Nd5 {[%emt 0:05:14]} Bxd5 {[%emt 0:00:55]} 20. Qxd5 {[%emt 0:01:41]} Rc8 {[%emt 0:02:39]} 21. Rb1 {[%emt 0:05:30]} Ne6 {[%emt 0:06:34]} 22. Qd1 {[%emt 0:03:04]} Qc7 {[%emt 0:05:27]} 23. Bb3 {[%emt 0:05:36]} Nc5 {[%emt 0:02:54]} 24. Bd5 {[%emt 0:01:01]} Rfe8 {[%emt 0:03:00]} 25. Bf4 {[%emt 0:05:52]} Be5 {[%emt 0:04:47]} 26. Be3 {[%emt 0:01:36]} b4 {[%emt 0:06:07]} 27. Qd2 {[%emt 0:12:47]} a5 {[%emt 0:03:44]} 28. Rbc1 {[%emt 0:01:18]} Qe7 {[%emt 0:07:48]} 29. a3 {[%emt 0:05:52]} Na4 {[%emt 0:10:14]} 30. Bd4 {[%emt 0:04:04]} bxa3 {[%emt 0:07:03]} 31. bxa3 {[%emt 0:00:38]} Bxd4 {[%emt 0:01:16]} 32. Qxd4 {[%emt 0:00:14]} Nc5 {[%emt 0:00:28]} 33. f4 {[%emt 0:03:40]} Rcd8 {[%emt 0:19:29]} 34. e5 {[%emt 0:02:51]} Ne6 {[%emt 0:00:48]} 35. Qc4 {[%emt 0:04:51]} g6 {[%emt 0:01:36]} 36. Kh2 {[%emt 0:01:46]} dxe5 {[%emt 0:00:32]} 37. Rxe5 {[%emt 0:00:21]} Qf6 {[%emt 0:00:26]} 38. Rce1 {[%emt 0:02:45]} Rc8 {[%emt 0:00:25]} 39. Rxe6 {[%emt 0:02:05]} fxe6 {[%emt 0:00:28]} 40. Rxe6 {[%emt 0:00:00]} Rxc4 {[%emt 0:00:00]} 41. Rxf6+ {[%emt 0:00:30]} 1-0

[Event "7th Capablanca Memorial GM 2019"]
[Site "Anogia"]
[Date "2019.09.12"]
[Round "2.1"]
[White "Moiseenko, Vadim"]
[Black "Dushyant Sharma"]
[Result "1/2-1/2"]
[WhiteElo "2543"]
[BlackElo "2242"]
[Annotator "ChessBase"]
[PlyCount "70"]
[EventDate "2019.09.11"]
[EventType "tourn"]
[EventCountry "GRE"]
[SourceTitle "playchess.com"]
[Source "ChessBase"]
[SourceQuality "1"]
[TimeControl "40/5400+30:1800+30"]

1. e4 {[%emt 0:00:00]} e5 {[%emt 0:00:00]} 2. Bc4 {[%emt 0:00:04]} Nc6 {[%emt 0:00:17]} 3. Nf3 {[%emt 0:00:10]} Bc5 {[%emt 0:00:17]} 4. d3 {[%emt 0:00:06]} Nf6 {[%emt 0:00:16]} 5. a4 {[%emt 0:00:05]} O-O {[%emt 0:03:30]} 6. Bg5 {[%emt 0:00:04]} h6 {[%emt 0:00:49]} 7. Bh4 {[%emt 0:00:03]} Be7 {[%emt 0:00:26]} 8. Bg3 {[%emt 0:00:08]} d6 {[%emt 0:01:19]} 9. h3 {[%emt 0:00:38]} Na5 {[%emt 0:07:16]} 10. Ba2 {[%emt 0:00:07]} c5 {[%emt 0:00:59]} 11. Nbd2 {[%emt 0:01:33]} Nc6 {[%emt 0:03:53]} 12. O-O {[%emt 0:01:08]} Be6 {[%emt 0:05:08]} 13. Nc4 {[%emt 0:01:10]} g6 {[%emt 0:11:55]} 14. Bh2 {[%emt 0:00:49]} Kh7 {[%emt 0:10:09]} 15. c3 {[%emt 0:00:16]} Rc8 {[%emt 0:09:02]} 16. Re1 {[%emt 0:00:08]} Qd7 {[%emt 0:02:53]} 17. Ne3 {[%emt 0:01:57]} Bxa2 {[%emt 0:05:42]} 18. Rxa2 {[%emt 0:00:02]} Rfe8 {[%emt 0:05:54]} 19. Nc4 {[%emt 0:02:45]} Bf8 {[%emt 0:02:50]} 20. b3 {[%emt 0:00:13]} Rcd8 {[%emt 0:02:04]} 21. Rae2 {[%emt 0:01:39]} Bg7 {[%emt 0:04:13]} 22. d4 {[%emt 0:01:01]} exd4 {[%emt 0:02:38]} 23. cxd4 {[%emt 0:00:13]} cxd4 {[%emt 0:03:12]} 24. Bxd6 {[%emt 0:02:55]} Re6 {[%emt 0:00:25]} 25. e5 {[%emt 0:01:35]} Nd5 {[%emt 0:00:35]} 26. Rd2 {[%emt 0:01:24]} Nc3 {[%emt 0:05:25]} 27. Qa1 {[%emt 0:00:19]} b5 {[%emt 0:01:55]} 28. Na3 {[%emt 0:09:40]} bxa4 {[%emt 0:01:48]} 29. bxa4 {[%emt 0:00:10]} Rxd6 {[%emt 0:07:25]} 30. exd6 {[%emt 0:00:10]} d3 {[%emt 0:01:03]} 31. Qc1 {[%emt 0:01:50]} Ne2+ {[%emt 0:00:58]} 32. Rexe2 {[%emt 0:13:50]} dxe2 {[%emt 0:00:02]} 33. Qc4 {[%emt 0:00:09]} Re8 {[%emt 0:00:52]} 34. Nc2 {[%emt 0:00:04]} Re6 {[%emt 0:00:50]} 35. Rxe2 {[%emt 0:09:11]} Rxd6 {[%emt 0:00:12]} 1/2-1/2

[Event "7th Capablanca Memorial GM 2019"]
[Site "Anogia"]
[Date "2019.09.12"]
[Round "2.2"]
[White "David, Alberto"]
[Black "Manish Anto Cristiano F"]
[Result "1-0"]
[WhiteElo "2533"]
[BlackElo "2364"]
[Annotator "ChessBase"]
[PlyCount "43"]
[EventDate "2019.09.11"]
[EventType "tourn"]
[EventCountry "GRE"]
[SourceTitle "playchess.com"]
[Source "ChessBase"]
[SourceQuality "1"]
[TimeControl "40/5400+30:1800+30"]

1. Nf3 {[%emt 0:00:00]} d5 {[%emt 0:00:04]} 2. g3 {[%emt 0:00:00]} Nf6 {[%emt 0:00:23]} 3. Bg2 {[%emt 0:00:00]} c5 {[%emt 0:00:22]} 4. O-O {[%emt 0:00:23]} Nc6 {[%emt 0:00:16]} 5. d3 {[%emt 0:00:47]} e6 {[%emt 0:00:39]} 6. Nbd2 {[%emt 0:00:40]} Bd6 {[%emt 0:00:37]} 7. e4 {[%emt 0:00:33]} O-O {[%emt 0:00:27]} 8. Re1 {[%emt 0:03:00]} Bc7 {[%emt 0:00:18]} 9. c3 {[%emt 0:00:35]} e5 {[%emt 0:02:02]} 10. exd5 {[%emt 0:07:57]} Nxd5 {[%emt 0:00:18]} 11. a3 {[%emt 0:15:28]} h6 {[%emt 0:13:45]} 12. Ne4 {[%emt 0:07:17]} b6 {[%emt 0:02:22]} 13. b4 {[%emt 0:00:35]} cxb4 {[%emt 0:12:06]} 14. axb4 {[%emt 0:03:17]} a5 {[%emt 0:02:39]} 15. b5 {[%emt 0:07:34]} Na7 {[%emt 0:07:16]} 16. Ba3 {[%emt 0:07:56]} Ne7 {[%emt 0:08:47]} 17. c4 {[%emt 0:06:00]} Bg4 {[%emt 0:07:33]} 18. h3 {[%emt 0:05:43]} Be6 {[%emt 0:08:05]} 19. Rc1 {[%emt 0:06:18]} Re8 {[%emt 0:05:34]} 20. d4 {[%emt 0:03:33]} f5 {[%emt 0:01:59]} 21. Neg5 {[%emt 0:01:39]} Bd7 {[%emt 0:03:50]} 22. Nxe5 {[%emt 0:01:12]} 1-0

[Event "7th Capablanca Memorial GM 2019"]
[Site "Anogia"]
[Date "2019.09.12"]
[Round "2.3"]
[White "Osmak, Iulija"]
[Black "Anagnostopoulos, Konstantinos"]
[Result "0-1"]
[WhiteElo "2408"]
[BlackElo "2322"]
[Annotator "NA"]
[PlyCount "100"]
[EventDate "2019.09.11"]
[EventType "tourn"]
[EventCountry "GRE"]
[SourceTitle "playchess.com"]
[Source "ChessBase"]
[SourceQuality "1"]
[TimeControl "40/5400+30:1800+30"]

1. e4 {[%emt 0:00:00]} e5 {[%emt 0:00:00]} 2. Nf3 {[%emt 0:00:00]} Nc6 {[%emt 0:00:00]} 3. Bc4 {[%emt 0:00:00]} Nf6 {[%emt 0:00:15]} 4. d3 {[%emt 0:00:28]} Be7 {[%emt 0:01:22]} 5. a4 {[%emt 0:02:23]} O-O {[%emt 0:00:10]} 6. O-O {[%emt 0:00:24]} d6 {[%emt 0:00:43]} 7. Re1 {[%emt 0:02:25]} Kh8 {[%emt 0:02:04]} 8. h3 {[%emt 0:08:41]} Ng8 {[%emt 0:00:07]} 9. Nc3 {[%emt 0:06:52]} f5 {[%emt 0:00:19]} 10. exf5 {[%emt 0:00:07]} Bxf5 {[%emt 0:02:06]} 11. Nd5 {[%emt 0:00:12]} Qd7 {[%emt 0:08:55]} 12. c3 {[%emt 0:11:33]} Bd8 {[%emt 0:17:25]} 13. Be3 {[%emt 0:19:13]} Qe8 {[%emt 0:08:04]} 14. d4 {[%emt 0:03:10]} Qg6 {[%emt 0:05:36]} 15. Kh2 {[%emt 0:01:08]} Na5 {[%emt 0:02:14]} 16. Bf1 {[%emt 0:06:32]} Bc2 {[%emt 0:09:17]} 17. Qe2 {[%emt 0:00:46]} Be4 {[%emt 0:00:08]} 18. Nb4 {[%emt 0:10:04]} Bxf3 {[%emt 0:00:43]} 19. gxf3 {[%emt 0:00:08]} exd4 {[%emt 0:02:00]} 20. cxd4 {[%emt 0:00:10]} Bg5 {[%emt 0:13:40]} 21. Qb5 {[%emt 0:05:17]} Rf5 {[%emt 0:06:46]} 22. Qd3 {[%emt 0:02:08]} Qf7 {[%emt 0:04:48]} 23. Bg2 {[%emt 0:03:01]} c5 {[%emt 0:01:56]} 24. dxc5 {[%emt 0:06:07]} dxc5 {[%emt 0:00:03]} 25. Nc2 {[%emt 0:00:06]} Rd8 {[%emt 0:04:31]} 26. Qe2 {[%emt 0:01:54]} Nc4 {[%emt 0:03:03]} 27. b3 {[%emt 0:03:00]} Nd2 {[%emt 0:04:56]} 28. Rad1 {[%emt 0:01:27]} Nxf3+ {[%emt 0:00:40]} 29. Bxf3 {[%emt 0:00:15]} Rxf3 {[%emt 0:00:27]} 30. Kg2 {[%emt 0:01:44]} Rf8 {[%emt 0:00:09]} 31. Rd2 {[%emt 0:01:38]} Qf5 {[%emt 0:01:14]} 32. Rh1 {[%emt 0:00:18]} Qe4 {[%emt 0:01:17]} 33. Kg1 {[%emt 0:01:31]} Re8 {[%emt 0:00:46]} 34. Qd3 {[%emt 0:00:51]} Qh4 {[%emt 0:00:32]} 35. Kg2 {[%emt 0:01:54]} Ref8 {[%emt 0:00:32]} 36. Qc4 {[%emt 0:01:29]} Qh6 {[%emt 0:00:28]} 37. Qxc5 {[%emt 0:00:25]} Bxe3 {[%emt 0:00:15]} 38. Nxe3 {[%emt 0:00:16]} Qg6+ {[%emt 0:00:29]} 39. Kf1 {[%emt 0:01:00]} Qb1+ {[%emt 0:00:26]} 40. Kg2 {[%emt 0:00:00]} Qg6+ {[%emt 0:00:00]} 41. Kf1 {[%emt 0:00:25]} Qe4 {[%emt 0:06:54]} 42. Ng2 {[%emt 0:02:43]} Rxb3 {[%emt 0:08:56]} 43. Kg1 {[%emt 0:00:46]} Rff3 {[%emt 0:12:29]} 44. Qd4 {[%emt 0:01:17]} Qg6 {[%emt 0:02:33]} 45. h4 {[%emt 0:02:10]} Rb1+ {[%emt 0:01:05]} 46. Rd1 {[%emt 0:00:17]} Rd3 {[%emt 0:01:20]} 47. Rxb1 {[%emt 0:01:26]} Rxd4 {[%emt 0:00:04]} 48. Kh2 {[%emt 0:00:33]} Rg4 {[%emt 0:00:33]} 49. Rhg1 {[%emt 0:00:13]} Rxg2+ {[%emt 0:00:06]} 50. Rxg2 {[%emt 0:00:04]} Qxb1 {[%emt 0:00:04]} 0-1

[Event "7th Capablanca Memorial GM 2019"]
[Site "Anogia"]
[Date "2019.09.12"]
[Round "2.4"]
[White "Mirzoev, Emil"]
[Black "Ioannidis, Evgenios"]
[Result "1-0"]
[WhiteElo "2477"]
[BlackElo "2390"]
[Annotator "ChessBase"]
[PlyCount "53"]
[EventDate "2019.09.11"]
[EventType "tourn"]
[EventCountry "GRE"]
[SourceTitle "playchess.com"]
[Source "ChessBase"]
[SourceQuality "1"]
[TimeControl "40/5400+30:1800+30"]

1. e4 {[%emt 0:00:13]} c5 {[%emt 0:00:00]} 2. Ne2 {[%emt 0:00:33]} d6 {[%emt 0:01:48]} 3. g3 {[%emt 0:02:51]} e5 {[%emt 0:04:25]} 4. Bg2 {[%emt 0:01:36]} h5 {[%emt 0:01:15]} 5. h3 {[%emt 0:01:39]} h4 {[%emt 0:01:26]} 6. g4 {[%emt 0:00:07]} g5 {[%emt 0:00:08]} 7. c3 {[%emt 0:01:20]} Nf6 {[%emt 0:07:38]} 8. d4 {[%emt 0:03:12]} Bh6 {[%emt 0:00:04]} 9. Na3 {[%emt 0:06:12]} Nc6 {[%emt 0:04:19]} 10. Nc4 {[%emt 0:00:54]} cxd4 {[%emt 0:05:31]} 11. cxd4 {[%emt 0:00:26]} O-O {[%emt 0:04:43]} 12. O-O {[%emt 0:01:46]} Re8 {[%emt 0:13:30]} 13. d5 {[%emt 0:02:36]} Ne7 {[%emt 0:00:14]} 14. Qb3 {[%emt 0:01:48]} Ng6 {[%emt 0:01:54]} 15. Qb4 {[%emt 0:03:30]} Bf8 {[%emt 0:09:27]} 16. Bxg5 {[%emt 0:01:49]} Nxd5 {[%emt 0:00:05]} 17. Qd2 {[%emt 0:00:28]} f6 {[%emt 0:01:13]} 18. Bh6 {[%emt 0:02:49]} Nb6 {[%emt 0:06:43]} 19. Nxb6 {[%emt 0:01:50]} Qxb6 {[%emt 0:00:04]} 20. Bxf8 {[%emt 0:00:21]} Nxf8 {[%emt 0:00:45]} 21. Qh6 {[%emt 0:08:37]} Qxb2 {[%emt 0:00:55]} 22. Rae1 {[%emt 0:00:02]} b6 {[%emt 0:08:54]} 23. g5 {[%emt 0:10:53]} Re7 {[%emt 0:00:06]} 24. gxf6 {[%emt 0:08:09]} Rh7 {[%emt 0:00:04]} 25. Qg5+ {[%emt 0:00:48]} Kh8 {[%emt 0:00:05]} 26. f7 {[%emt 0:03:13]} Ba6 {[%emt 0:02:07]} 27. Qg8# {[%emt 0:00:02]} 1-0